000 00423nam a2200181Ia 4500
005 20240823062245.0
008 240823s9999||||xx |||||||||||||| ||und||
041 _aENGLISH
082 _A621.385
100 _aPallab Bhattacharya
245 0 _aSemiconductor Optoelectronic Devices
250 _a1st
260 _b"PHI,New "
500 _aYES
650 _aElectronics
_bElectronics
942 _cBK
999 _c235455
_d235455